Carbon sequestration potential of natural rubber plantations in the traditional rubber growing regions of India (Record no. 53196)

MARC details
000 -LEADER
fixed length control field 00615nam a2200181Ia 4500
100 ## - MAIN ENTRY--AUTHOR NAME
Personal name Ambily K K
245 #0 - TITLE STATEMENT
Title Carbon sequestration potential of natural rubber plantations in the traditional rubber growing regions of India
260 ## - PUBLICATION, DISTRIBUTION, ETC. (IMPRINT)
Name of publisher International Conference Climate Change and Developing Countries, 19-22 February 2010, M G University, Kottayam, India
650 ## - SUBJECT ADDED ENTRY--TOPICAL TERM
Topical Term India
650 ## - SUBJECT ADDED ENTRY--TOPICAL TERM
Topical Term Plantation
650 ## - SUBJECT ADDED ENTRY--TOPICAL TERM
Topical Term Carbon sequestration
700 ## - ADDED ENTRY--PERSONAL NAME
Personal name Jacob J
700 ## - ADDED ENTRY--PERSONAL NAME
Personal name Jessy M D
700 ## - ADDED ENTRY--PERSONAL NAME
Personal name Meenakumari T
700 ## - ADDED ENTRY--PERSONAL NAME
Personal name Ulaganathan A
942 ## - ADDED ENTRY ELEMENTS (KOHA)
Koha item type Bibliography STAF
Holdings
Withdrawn status Lost status Damaged status Not for loan Home library Current library Date acquired Koha item type
      Bibliography RRII Library RRII Library 09/04/2014 Bibliography STAF